00000000nam##2200000za#4500
0019.602130
003CaOODSP
00520241210082325
007cr |||||||||||
008150406|1998||||xxc|||||o    f|0| 0 fre|d
022 |a1701-9419
040 |aCaOODSP|bfre
043 |an-cn---
0861 |aFB3-2/98-17F-PDF
1102 |aBanque du Canada.
24513|aLa politique monétaire a-t-elle des effets asymétriques sur l'emploi? / |h[ressource électronique]|c[par] Lise Pichette.
260 |aOttawa - Ontario : |bBanque du Canada |cSeptembre 1998.
300 |a47p.|bglossaire, graphiques, tableaux
4901 |aBanque du Canada - document de travail|x1701-9419|v98-17
500 |aL'ISBN (0-662-83245-0) et l'ISSN (1192-5434) de l'édition imprimée ont été incorrectement copiés dans l'édition électronique.
504 |aBibliographie.
546 |aAbstract in English.
590 |a11-20-Supp|b2011-09-29
7201 |aPichette, Lise
7760#|tLa politiques monétaire a-t-elle des effets asymétriques sur l'emploi? / |w(CaOODSP)9.624879
830#0|aDocument de travail (Banque du Canada)|x1701-9419|v98-17|w(CaOODSP)9.501087
85640|ahttp://publications.gc.ca|qPDF|s127 Ko|uhttps://publications.gc.ca/collections/Collection/FB3-2-98-17F.pdf|y98-17